00238nam a2200097Ia 4500008004100000082001500041100003000056245002400086260001800110600001200128241002s9999 xx 000 0 und d a954.91 KHA aKhaliquzzaman, Choudhrary 0aPathway to Pakistan aLahore:c1961 aHistory